El pensamiento creativo: desarrollo del programa Xenius
Salvato in:
| Autore principale: | |
|---|---|
| Natura: | Libro |
| Lingua: | spagnolo |
| Pubblicazione: |
Barcelona
Octaedro
1994
|
| Edizione: | 1a. ed |
| Serie: | Nuevos Instrumentos, 3
|
| Soggetti: | |
| Tags: |
Aggiungi Tag
Nessun Tag, puoi essere il primo ad aggiungerne!!
|
MARC
| LEADER | 00000nam a2200000 a 4500 | ||
|---|---|---|---|
| 001 | UCS3427 | ||
| 003 | CL-VaPUC | ||
| 008 | 970627e19940000SP |||||||||||||||||spa|d | ||
| 020 | |a 8480630760 | ||
| 082 | 0 | 4 | |a 153.35 |b MUÑ |2 21 |
| 100 | |a Muñoz Redón, Josep |e autor |9 498932 | ||
| 245 | 1 | 3 | |a El pensamiento creativo: desarrollo del programa Xenius |
| 250 | |a 1a. ed | ||
| 300 | |a 184 p | ||
| 942 | |c BK | ||
| 945 | |d 19970627 00:00:00 |a amoreno | ||
| 260 | |a Barcelona |b Octaedro |c 1994 | ||
| 650 | 0 | |a Pensamiento lateral |9 386849 | |
| 650 | 0 | |a Pensamiento creativo |9 310706 | |
| 650 | 7 | |a PERSONA |2 CL-VaPUC |9 327934 | |
| 650 | 7 | |a ESTIMULACION CREATIVA |2 CL-VaPUC |9 389519 | |
| 650 | 7 | |a PROGRAMAS CURRICULARES |2 CL-VaPUC |9 389520 | |
| 650 | 7 | |a ESTIMULACION CREATIVA |2 CL-VaPUC |9 389519 | |
| 583 | |a last modification |c 20111222 01:07:55 |k Rodrigo Vera | ||
| 490 | 0 | |a Nuevos Instrumentos, 3 | |
| 999 | |c 261139 |d 261137 | ||
| 952 | |0 0 |1 0 |4 0 |6 153_350000000000000_MUÑ_1994 |7 0 |8 A |9 288302 |a BIBEDU |b BIBEDU |d 2019-11-19 |i 3327140 |o 153.35 MUÑ 1994 |p 3327140 |r 2019-11-19 |w 2019-11-19 |y BK |k PSI | ||
| 952 | |0 0 |1 0 |4 0 |6 153_350000000000000_MUÑ_1994 |7 0 |8 A |9 288303 |a BIBEDU |b BIBEDU |d 2019-11-19 |i 3697681 |o 153.35 MUÑ 1994 |p 3697681 |r 2019-11-19 |w 2019-11-19 |y BK |k EPE | ||